000 00685nam a2200265 a 4500
003 AR-BaBNM
005 20251128202743.0
008 082120s2002 ||||||||||||||000 | spa||
040 _cAR-BaBNM
245 0 0 _aIndia 1968
260 _a[S.l.]
_bServicio Informativo de la India
_c[19--]
300 _a141 p.
_bmapas, il., láms.
500 _aCarece de datos de referencia editorial
650 4 _aECONOMIA
650 4 _aSOCIEDAD
650 4 _aCIENCIAS POLITICAS
650 4 _aCIVILIZACIONES ANTIGUAS
650 4 _aHINDUISMO
650 4 _aRELIGIONES MODERNAS
650 4 _aHINDUES
650 4 _aPERSONAS RELIGIOSAS
650 4 _aJUSTICIA
942 _cBK
998 _cmariana
999 _c413
_d413